Thiết bị và hệ thống điện tử

Αποθηκεύτηκε σε:
Λεπτομέρειες βιβλιογραφικής εγγραφής
Κύριος συγγραφέας: Trần Đức Lợi
Μορφή: Βιβλίο
Γλώσσα:Undetermined
Έκδοση: H. Thống Kê 2003
Θέματα:
Ετικέτες: Προσθήκη ετικέτας
Δεν υπάρχουν, Καταχωρήστε ετικέτα πρώτοι!
Thư viện lưu trữ: Trung tâm Học liệu Trường Đại học Cần Thơ
LEADER 00549nam a2200193Ia 4500
001 CTU_58360
008 210402s9999 xx 000 0 und d
020 |b 72000 
082 |a 621.381 
082 |b L462 
100 |a Trần Đức Lợi 
245 0 |a Thiết bị và hệ thống điện tử 
245 0 |c Trần Đức Lợi 
260 |a H. 
260 |b Thống Kê 
260 |c 2003 
650 |a electronic apparatus and appliances 
904 |i Minh 
980 |a Trung tâm Học liệu Trường Đại học Cần Thơ